00922nam a2200205 a 450000100100000000500170001000800410002702000180006804000250008608200180011110000250012924500470015426000410020130000280024250000600027095201310033095201160046195201220057799900170069900004463020201002045519.0141210s2014 dr a 000 0 spa d a9789945081503 aDO-SdBNPbspacBNPHU axxxxxxbxxxxx1 aBáez, Tania97265213aLo mejor está por venir /cTania Báez. aSanto Domingo :bDe revistas,c2014. a279 p. :bil. ;c22 cm. aIncluye datos biográficos de la autora en las solapas 001054708DSaGRbGRcHDd2014-12-10iLF1l0oxxxxxx xxxxxp44630-30r2020-06-25te. 3w2020-06-25yLFDSZPréstamo en sala 0010718PDaPDbPDcHDd2014-12-10iLF1l0oxxxxxx xxxxxp44630-10r2020-06-25w2020-06-25yLFPDZNo se presta 0010718PDaPDbPDcHDd2014-12-10iLF1l0oxxxxxx xxxxxp44630-20r2020-06-25te. 2w2020-06-25yLFPDZNo se presta c44119d44119